| 000 | 01355nam a2200361 a 4500 | ||
|---|---|---|---|
| 001 | ebr10460969 | ||
| 003 | CaPaEBR | ||
| 006 | m u | ||
| 007 | cr cn||||||||| | ||
| 008 | 110429s2011 dcuab sb 001 0 eng d | ||
| 020 | _z9780821385838 | ||
| 020 | _z9780821386644 (e-book) | ||
| 040 |
_aCaPaEBR _cCaPaEBR |
||
| 035 | _a(OCoLC)792700606 | ||
| 050 | 1 | 4 |
_aG1046.E1 _bW67 2011eb |
| 110 | 2 | _aWorld Bank. | |
| 245 | 1 | 0 |
_aAtlas of global development _h[electronic resource] / _cThe World Bank. |
| 250 | _a3rd ed. | ||
| 260 |
_aWashington, D.C. : _bCollins, _cc2011. |
||
| 300 |
_a144 p. : _bcol. ill., col. maps. |
||
| 500 | _aFirst published 2007. | ||
| 504 | _aIncludes bibliographical references and index. | ||
| 533 |
_aElectronic reproduction. _bPalo Alto, Calif. : _cebrary, _d2011. _nAvailable via World Wide Web. _nAccess may be limited to ebrary affiliated libraries. |
||
| 650 | 0 |
_aEconomic indicators _vMaps. |
|
| 650 | 0 |
_aEconomic development _vStatistics. |
|
| 650 | 0 |
_aGlobalization _vStatistics. |
|
| 650 | 0 |
_aPopulation _vMaps. |
|
| 650 | 0 |
_aSocial indicators _vMaps. |
|
| 650 | 0 |
_aEnvironmental indicators _vMaps. |
|
| 655 | 7 |
_aElectronic books. _2local |
|
| 710 | 2 | _aebrary, Inc. | |
| 856 | 4 | 0 |
_uhttp://site.ebrary.com/lib/rucke/Doc?id=10460969 _zAn electronic book accessible through the World Wide Web; click to view |
| 999 |
_c125239 _d125239 |
||